[Event "Tournament 14459 - Europe Echecs"]
[Site "Europe Echecs"]
[Date "2020.07.07"]
[Round "5"]
[Time "16:14:47"]
[PlyCount "64"]
[White "DemirciNoe"]
[Black "BlouvacDaphne"]
[WhiteElo "1240"]
[BlackElo "1130"]
[Mode "WEB"]
[Result "1-0"]

1. Nf3 d5 2. g3 Nc6 3. Bg2 e5 4. d3 Nf6 5. O-O Bc5 6. Bg5 h6 7. Bxf6 Qxf6 8. Nc3
h5 9. h4 d4 10. Ne4 Qe6 11. Nxc5 Qd5 12. Ne4 Bg4 13. c3 dxc3 14. Nxc3 e4 15.
dxe4 Qc5 16. Rc1 Ne5 17. Nxe5 Qxe5 18. f3 Be6 19. f4 Qf6 20. e5 Qf5 21. Be4 Qg4
22. e3 Qh3 23. Bg2 Qxg3 24. Rf3 Qg6 25. f5 Bxf5 26. Nb5 Bg4 27. Nxc7+ Kf8 28.
Qd6+ Qxd6 29. exd6 Bxf3 30. Nxa8 Bxg2 31. Kxg2 Rh6 32. Rc8# {BlouvacDaphne est échec et mat} 1-0

[Event "Tournament 14459 - Europe Echecs"]
[Site "Europe Echecs"]
[Date "2020.07.07"]
[Round "5"]
[Time "16:14:47"]
[PlyCount "25"]
[White "LottiauNathan"]
[Black "BernardLudovic"]
[WhiteElo "1033"]
[BlackElo "799"]
[Mode "WEB"]
[Result "0-1"]

1. e4 e5 2. Nf3 Nc6 3. Bc4 Nf6 4. Nc3 Bc5 5. O-O Ng4 6. d3 d6 7. Be3 d5 8. exd5
e4 9. dxe4 Bxe3 10. fxe3 Nce5 11. Nxe5 Qh4 12. g3 Qxh2# {LottiauNathan est échec et mat} 0-1

[Event "Tournament 14459 - Europe Echecs"]
[Site "Europe Echecs"]
[Date "2020.07.07"]
[Round "5"]
[Time "16:14:47"]
[PlyCount "65"]
[White "BarrauArthur"]
[Black "BlanchardEmile"]
[WhiteElo "980"]
[BlackElo "799"]
[Mode "WEB"]
[Result "0-1"]

1. e4 e5 2. Nf3 Nc6 3. Nc3 Nf6 4. d3 Bc5 5. Bg5 h6 6. Bxh6 gxh6 7. Nxe5 Nxe5 8.
d4 Bd6 9. dxe5 Bxe5 10. Ne2 d6 11. Ng3 Be6 12. Ne2 Bc4 13. b3 Be6 14. Nc1 Bxa1
15. Be2 Qd7 16. O-O O-O-O 17. Nd3 Bd4 18. Re1 Bc3 19. Nf4 Bxe1 20. Qxe1 d5 21.
exd5 Bf5 22. Qf1 Nxd5 23. Nxd5 Qxd5 24. Bc4 Qd7 25. Qe1 Rhe8 26. Qc1 Qd1+ 27.
Qxd1 Rxd1+ 28. Bf1 Red8 29. c3 R8d2 30. c4 Rc2 31. a4 Rcc1 32. b4 Rxf1# {BarrauArthur est échec et mat} 0-1

[Event "Tournament 14459 - Europe Echecs"]
[Site "Europe Echecs"]
[Date "2020.07.07"]
[Round "5"]
[Time "16:14:47"]
[PlyCount "144"]
[White "BaloulYaksen"]
[Black "FassiMaeliaAl"]
[WhiteElo "799"]
[BlackElo "799"]
[Mode "WEB"]
[Result "1/2-1/2"]

1. e4 e5 2. d3 Bc5 3. f3 Nf6 4. Nh3 O-O 5. c3 Nc6 6. Na3 d6 7. Nb5 Qe7 8. Be2 a6
9. Nxc7 Nd8 10. Nd5 Nxd5 11. exd5 Qh4+ 12. Kd2 Qf4+ 13. Nxf4 Bf5 14. Nh5 b5 15.
b3 Bg6 16. Ng3 Bf2 17. Rf1 Ba7 18. Qe1 Nb7 19. Rf2 Na5 20. Nh1 Rae8 21. c4 h6
22. cxb5 axb5 23. d4 exd4 24. Kd1 Nc4 25. Rb1 Na3 26. Bxa3 Bxb1 27. Kd2 Bh7 28.
Bd3 b4 29. Bxb4 Rb8 30. Ba3 Rbe8 31. f4 Bf5 32. Ng3 Bxd3 33. Kxd3 Rxe1 34. Bc5
Rd1+ 35. Kc4 Rc8 36. Kb4 Rc1 37. Bxd6 d3 38. Rd2 Rb8+ 39. Ka3 Rb1 40. Rxd3 Ra1
41. Nf5 g6 42. Nxh6+ Kh7 43. Ng4 Kg7 44. Bxb8 g5 45. Bxa7 Rh1 46. fxg5 Kg6 47.
Rd2 Kxg5 48. Nf2 f5 49. Nxh1 Kg4 50. Rf2 f4 51. Rb2 Kf5 52. Nf2 f3 53. gxf3 Kf4
54. Nd1 Kxf3 55. d6 Kg4 56. d7 Kf4 57. d8=Q Ke4 58. Qe8+ Kd5 59. Ka4 Kd6 60. Qe1
Kc7 61. Rd2 Kb7 62. Bc5 Kc6 63. Be3 Kb7 64. Bf2 Ka6 65. Ka3 Ka5 66. Kb2 Kb5 67.
Rd4 Kc5 68. Rd3+ Kb5 69. Qe5+ Kc6 70. Rd4 Kb7 71. Rd7+ Ka6 72. Qd5 {Nulle par pat} 1/2-1/2

[Event "Tournament 14459 - Europe Echecs"]
[Site "Europe Echecs"]
[Date "2020.07.07"]
[Round "5"]
[Time "16:14:47"]
[PlyCount "101"]
[White "GervaisClement"]
[Black "BaudinMarkus"]
[WhiteElo "799"]
[BlackElo "799"]
[Mode "WEB"]
[Result "0-1"]

1. e4 e5 2. Bc4 Bc5 3. Nf3 a5 4. Nc3 Ba7 5. d3 Qf6 6. O-O Qg6 7. Nxe5 Qf6 8. Ng4
Qg6 9. Ne3 d6 10. Ncd5 c6 11. Nc7+ Kf8 12. Nxa8 Na6 13. Nb6 Bb8 14. Na4 d5 15.
exd5 Qh6 16. Re1 Qxh2+ 17. Kf1 Qh1+ 18. Ke2 Qh5+ 19. Kd2 Qh6 20. b3 cxd5 21.
Bxd5 Ne7 22. Bxb7 Bxb7 23. Bb2 Nd5 24. Ba3+ Kg8 25. c3 Bf4 26. g3 Bxe3+ 27. fxe3
Qh2+ 28. Kc1 Qxg3 29. Nb2 Nxe3 30. Qd2 Ng2 31. Rd1 Bf3 32. Nc4 Bxd1 33. Qxd1 Nc5
34. Nb6 Nxd3+ 35. Kb1 Ne3 36. Nc8 Nxd1 37. Ne7+ Kf8 38. Nf5+ Ke8 39. Nxg3 Kd7
40. Bc5 Rc8 41. a4 Rxc5 42. Ka2 Rxc3 43. b4 axb4 44. a5 b3+ 45. Ka3 b2+ 46. Ka4
bxa1=Q+ 47. Kb5 Qb1+ 48. Ka6 Rc6+ 49. Ka7 Kc7 50. a6 Qb8# {GervaisClement est échec et mat} 0-1

[Event "Tournament 14459 - Europe Echecs"]
[Site "Europe Echecs"]
[Date "2020.07.07"]
[Round "6"]
[Time "16:43:34"]
[PlyCount "91"]
[White "PonLeBrunGrego"]
[Black "KhouryTheo"]
[WhiteElo "1145"]
[BlackElo "1465"]
[Mode "WEB"]
[Result "0-1"]

1. e4 c5 2. c3 d5 3. exd5 Qxd5 4. d4 Nf6 5. Nf3 e6 6. Be3 cxd4 7. Nxd4 Be7 8.
Nd2 O-O 9. Bc4 Qxg2 10. Qf3 Qxf3 11. N2xf3 a6 12. O-O-O b5 13. Bb3 Bb7 14. Rhg1
Kh8 15. Rg3 Nc6 16. Rdg1 g6 17. Bh6 Rfd8 18. Ng5 Ne5 19. f4 Nh5 20. fxe5 Bxg5+
21. Bxg5 Rd7 22. Rh3 Ng7 23. Rg4 Rc8 24. Rgh4 h5 25. Rf4 Kg8 26. Rg3 b4 27. Ne2
Nf5 28. Rgf3 Bxf3 29. Rxf3 bxc3 30. bxc3 Rc5 31. Bf6 Nh6 32. Rg3 Ng4 33. h3 Nxe5
34. Bxe5 Rxe5 35. Rg2 Re3 36. Rh2 Rdd3 37. Kc2 Rxh3 38. Rxh3 Rxh3 39. Bc4 g5 40.
Bxa6 g4 41. c4 g3 42. c5 Kf8 43. c6 g2 44. c7 Re3 45. c8=Q+ Kg7 {PonLeBrunGrego a perdu au temps} 0-1

[Event "Tournament 14459 - Europe Echecs"]
[Site "Europe Echecs"]
[Date "2020.07.07"]
[Round "6"]
[Time "16:43:34"]
[PlyCount "76"]
[White "SabapatheeFlor"]
[Black "BronnyGermain"]
[WhiteElo "1444"]
[BlackElo "1354"]
[Mode "WEB"]
[Result "1-0"]

1. c4 c5 2. g3 g6 3. Bg2 Bg7 4. Nf3 Nc6 5. O-O Nf6 6. Nc3 O-O 7. d4 cxd4 8. Nxd4
d6 9. Nxc6 bxc6 10. Bxc6 Rb8 11. Rb1 Qb6 12. Bg2 Nd7 13. Nd5 Qd8 14. b3 Nb6 15.
Bg5 Nxd5 16. Bxd5 Kh8 17. Qd2 f6 18. Be3 Bf5 19. Rbc1 e6 20. Bg2 Rf7 21. Rfd1
Rd7 22. c5 d5 23. c6 Rc7 24. b4 Qe8 25. Qc3 a6 26. a4 Qd8 27. Bxd5 exd5 28. Bf4
Rbc8 29. Bxc7 Rxc7 30. b5 axb5 31. axb5 Bh3 32. b6 Rc8 33. c7 Qd7 34. b7 Qe8 35.
bxc8=Q Qxc8 36. Rxd5 f5 37. Rd8+ Qxd8 38. cxd8=Q# {BronnyGermain est échec et mat} 1-0

[Event "Tournament 14459 - Europe Echecs"]
[Site "Europe Echecs"]
[Date "2020.07.07"]
[Round "6"]
[Time "16:43:34"]
[PlyCount "51"]
[White "AymericElijah"]
[Black "SamouelianSola"]
[WhiteElo "1450"]
[BlackElo "1349"]
[Mode "WEB"]
[Result "0-1"]

1. e4 e5 2. Nf3 Nc6 3. Nc3 Nf6 4. Bc4 Nxe4 5. Bxf7+ Kxf7 6. Nxe4 d5 7. Ng3 Be7
8. O-O Rf8 9. Re1 e4 10. Nd4 Nxd4 11. Qh5+ Kg8 12. Qd1 c6 13. c3 Nf5 14. Nxf5
Bxf5 15. f3 Bc5+ 16. Kh1 exf3 17. Qxf3 Be4 18. Qg3 Bd6 19. Qh3 Rf2 20. Rg1 Qf6
21. d3 Bg6 22. Be3 Rf5 23. Bd4 Qf7 24. g4 Rf3 25. Qg2 Bxd3 {AymericElijah a abandonné} 0-1

[Event "Tournament 14459 - Europe Echecs"]
[Site "Europe Echecs"]
[Date "2020.07.07"]
[Round "6"]
[Time "16:43:34"]
[PlyCount "52"]
[White "BreuilVirgile"]
[Black "BornhofenValen"]
[WhiteElo "1622"]
[BlackElo "1258"]
[Mode "WEB"]
[Result "1-0"]

1. e4 e5 2. Nc3 Nf6 3. d3 Bb4 4. f4 exf4 5. Bxf4 Nc6 6. Nf3 d6 7. Be2 Be6 8. O-O
O-O 9. Bg5 h6 10. Bh4 Nb8 11. a3 Ba5 12. d4 Bb6 13. Kh1 Qd7 14. Bxf6 gxf6 15. d5
Bg4 16. Qd2 Kh7 17. h3 Bh5 18. Nh4 Bxe2 19. Qxe2 Bd4 20. Qh5 f5 21. Nxf5 Bg7 22.
Nxg7 Kxg7 23. Rf4 Qe7 24. Rg4+ Kh7 25. Rf1 Nd7 26. Rh4 {BornhofenValen a abandonné} 1-0

[Event "Tournament 14459 - Europe Echecs"]
[Site "Europe Echecs"]
[Date "2020.07.07"]
[Round "6"]
[Time "16:43:34"]
[PlyCount "144"]
[White "SingaramSheyon"]
[Black "BonelliMaestra"]
[WhiteElo "1209"]
[BlackElo "1545"]
[Mode "WEB"]
[Result "1-0"]

1. e4 c5 2. Nf3 d6 3. Bc4 Nf6 4. Nc3 g6 5. d3 Bg7 6. O-O Nc6 7. Be3 O-O 8. Qd2
a6 9. a4 Bd7 10. Bh6 Re8 11. Bxg7 Kxg7 12. Rfe1 Bg4 13. Ng5 Ne5 14. h3 Nxc4 15.
dxc4 Bd7 16. e5 dxe5 17. Rxe5 Bf5 18. Qxd8 Raxd8 19. Rxc5 Bxc2 20. Rc7 Rd7 21.
Rxd7 Nxd7 22. Rc1 Bb3 23. a5 Bxc4 24. Nce4 Bb5 25. Rc7 Bc6 26. Nc3 Nc5 27. b4
Nd3 28. b5 axb5 29. a6 h6 30. axb7 Bxb7 31. Nxf7 Kxf7 32. Rxb7 b4 33. Nd5 Nc5
34. Rxb4 Nd3 35. Rd4 Nc5 36. Rf4+ Kg7 37. Nc7 Rc8 38. Nd5 e6 39. Ne3 g5 40. Rc4
Kf7 41. Ng4 Ke7 42. Nxh6 Kd6 43. Nf7+ Kd5 44. Rc1 Rg8 45. Nh6 Rg6 46. Ng4 e5 47.
Ne3+ Kd6 48. Nc4+ Kd5 49. Nxe5 Kxe5 50. Rxc5+ Kd4 51. Rf5 Ke4 52. g4 Rg7 53. Kg2
Kd4 54. Kg3 Ke4 55. h4 gxh4+ 56. Kxh4 Rh7+ 57. Kg3 Rg7 58. f3+ Ke3 59. Re5+ Kd4
60. f4 Rg8 61. g5 Rg7 62. Kg4 Rf7 63. g6 Rg7 64. Kg5 Rg8 65. Kh6 Rh8+ 66. Kg5
Rg8 67. Re7 Kd5 68. g7 Kd6 69. Kf6 Ra8 70. Kf7 Rb8 71. Re8 Rb7+ 72. Kf8 {BonelliMaestra a abandonné} 1-0

[Event "Tournament 14459 - Europe Echecs"]
[Site "Europe Echecs"]
[Date "2020.07.07"]
[Round "6"]
[Time "16:43:34"]
[PlyCount "171"]
[White "KouamNoe"]
[Black "ZadoyanGurgen"]
[WhiteElo "1462"]
[BlackElo "1256"]
[Mode "WEB"]
[Result "0-1"]

1. e4 c5 2. Nc3 Nc6 3. g3 Nf6 4. Bg2 d6 5. d3 g6 6. f4 Bg7 7. h3 h5 8. Nf3 b6 9.
a4 Bb7 10. Bd2 Rb8 11. O-O Nd7 12. f5 O-O 13. Ng5 Qe8 14. fxg6 fxg6 15. Ne6
Rxf1+ 16. Qxf1 Qf7 17. Ng5 Qxf1+ 18. Rxf1 Rf8 19. Rxf8+ Kxf8 20. h4 Nd4 21. Bh3
Ne5 22. Kf2 Nxc2 23. Ne6+ Kf7 24. Nb5 Nxd3+ 25. Ke2 Nxb2 26. Nbc7 Bxe4 27. Ng5+
Kg8 28. Nxe4 Nxa4 29. Be6+ Kf8 30. Ng5 Nd4+ 31. Kd3 Be5 32. Nh7+ Kg7 33. Ng5
Bxg3 34. Nf3 Nxf3 35. Bg5 Bxh4 36. Bf4 Nd4 37. Bd7 Nb2+ 38. Kc3 Nd1+ 39. Kd2 Nf2
40. Ne8+ Kf8 41. Bh6+ Kf7 42. Nc7 Ne4+ 43. Ke3 Nf6 44. Bc8 Ng4+ 45. Ke4 Nxh6 46.
Bd7 a5 47. Nd5 Bf6 48. Nxb6 h4 49. Na4 Nhf5 50. Bc8 h3 51. Bb7 h2 52. Kf4 e5+
53. Kg4 Ne3+ 54. Kh3 c4 55. Kxh2 Nd1 56. Bd5+ Ke7 57. Bxc4 Ne3 58. Bd3 Nef5 59.
Nb6 Bh8 60. Nd5+ Ke6 61. Nc7+ Kd7 62. Nd5 Bg7 63. Nb6+ Kc6 64. Nc4 a4 65. Na3
Kc5 66. Bb1 Kb4 67. Nc2+ Nxc2 68. Bxc2 a3 69. Bb1 Kb3 70. Kg2 Kb2 71. Bxf5 gxf5
72. Kf2 a2 73. Ke3 a1=Q 74. Kf3 Qf1+ 75. Kg3 f4+ 76. Kg4 f3 77. Kf5 f2 78. Ke4
Qe1+ 79. Kd5 f1=Q 80. Kxd6 Qd3+ 81. Ke6 Qc4+ 82. Kf5 Qf2+ 83. Kg6 Qg4+ 84. Kh7
Bf6 85. Kh6 Qfh4# {KouamNoe est échec et mat} 0-1

[Event "Tournament 14459 - Europe Echecs"]
[Site "Europe Echecs"]
[Date "2020.07.07"]
[Round "6"]
[Time "16:43:34"]
[PlyCount "52"]
[White "NegreEmilie"]
[Black "CharrierShayan"]
[WhiteElo "1438"]
[BlackElo "1260"]
[Mode "WEB"]
[Result "1-0"]

1. d4 g6 2. e4 Bg7 3. c3 Nf6 4. Nd2 d6 5. Ngf3 O-O 6. Bd3 Re8 7. O-O Bf5 8. exf5
e5 9. fxe6 fxe6 10. Re1 Nbd7 11. Nb3 e5 12. dxe5 Nxe5 13. Nxe5 dxe5 14. Bg5 Qd7
15. Bxf6 Bxf6 16. Bc4+ Kh8 17. Qxd7 Re7 18. Qd1 Rg7 19. Qc2 Rd8 20. Rad1 Rgd7
21. Rxd7 Rxd7 22. Rd1 Rg7 23. Nc5 b6 24. Ne6 Re7 25. Rd8+ Re8 26. Rxe8# {CharrierShayan est échec et mat} 1-0

[Event "Tournament 14459 - Europe Echecs"]
[Site "Europe Echecs"]
[Date "2020.07.07"]
[Round "6"]
[Time "16:43:34"]
[PlyCount "51"]
[White "YvonGregoire"]
[Black "AlfanoEmilie"]
[WhiteElo "1210"]
[BlackElo "1407"]
[Mode "WEB"]
[Result "0-1"]

1. d4 d5 2. c4 e6 3. Nc3 Nf6 4. Bg5 Be7 5. e4 Nxe4 6. Nxe4 dxe4 7. Bxe7 Qxe7 8.
Qe2 Qb4+ 9. Kd1 Nc6 10. f3 Nxd4 11. Qd2 Qxd2+ 12. Kxd2 exf3 13. gxf3 b6 14. Bg2
Bb7 15. Kd3 c5 16. Nh3 Bxf3 17. Bxf3 Nxf3 18. Ke3 Nd4 19. Rhg1 g6 20. Ng5 h6 21.
Ne4 O-O-O 22. Rgf1 Nc2+ 23. Ke2 Nxa1 24. Rxa1 f5 25. Nf6 Rdf8 {YvonGregoire a abandonné} 0-1

[Event "Tournament 14459 - Europe Echecs"]
[Site "Europe Echecs"]
[Date "2020.07.07"]
[Round "6"]
[Time "16:43:34"]
[PlyCount "42"]
[White "LetellierLouis"]
[Black "BarbaggiSasha"]
[WhiteElo "1203"]
[BlackElo "1375"]
[Mode "WEB"]
[Result "1-0"]

1. d4 Nf6 2. c4 d6 3. Nc3 Nbd7 4. Nf3 e5 5. dxe5 dxe5 6. Bg5 a5 7. Nd5 Be7 8.
Nxe7 Qxe7 9. g3 Qb4+ 10. Qd2 Qxc4 11. Bg2 O-O 12. O-O Ne4 13. Qd3 Qxd3 14. exd3
Nxg5 15. Nxg5 Nc5 16. Rfd1 Bf5 17. d4 exd4 18. Rxd4 Rfd8 19. Rad1 f6 20. Rxd8+
Rxd8 21. Rxd8# {BarbaggiSasha est échec et mat} 1-0

[Event "Tournament 14459 - Europe Echecs"]
[Site "Europe Echecs"]
[Date "2020.07.07"]
[Round "6"]
[Time "16:43:34"]
[PlyCount "132"]
[White "YastrebovAndre"]
[Black "HammRodrigue"]
[WhiteElo "1370"]
[BlackElo "1109"]
[Mode "WEB"]
[Result "1-0"]

1. d4 d5 2. c4 c6 3. Nf3 Nf6 4. e3 e6 5. b3 Nbd7 6. Bb2 Bb4+ 7. Nbd2 b6 8. Bd3
Bb7 9. O-O O-O 10. e4 dxe4 11. Nxe4 Nxe4 12. Bxe4 Qc7 13. a3 Bd6 14. d5 cxd5 15.
cxd5 exd5 16. Bxd5 Bxd5 17. Qxd5 Rfd8 18. Rac1 Qb8 19. Qg5 f6 20. Qg4 Ne5 21.
Nxe5 Bxe5 22. Qe6+ Kh8 23. Bxe5 Qxe5 24. Qc4 Qf5 25. Rcd1 Rxd1 26. Rxd1 Rc8 27.
Qc7 Rg8 28. h3 h6 29. Qd7 Qc2 30. Qd3 Rc8 31. Qd7 Kh7 32. Qd3+ Qxd3 33. Rxd3 Kg6
34. Kf1 Kf5 35. Ke2 Re8+ 36. Kf3 g5 37. g4+ Kg6 38. Rd7 a5 39. Rd6 Rb8 40. Ke3
b5 41. Ra6 a4 42. bxa4 bxa4 43. Rxa4 h5 44. Kd3 hxg4 45. hxg4 f5 46. Ra6+ Kg7
47. gxf5 Rf8 48. Ke4 Re8+ 49. Kf3 Rf8 50. Kg4 Rd8 51. Kxg5 Rd2 52. Ra7+ Kf8 53.
Kf6 Rd8 54. f4 Rd6+ 55. Kg5 Rc6 56. f6 Rc5+ 57. Kg6 Rc8 58. Rh7 Kg8 59. f7+ Kf8
60. Rh8+ Ke7 61. Rxc8 Ke6 62. f8=Q Kd5 63. Qc5+ Ke6 64. Qe5+ Kd7 65. Rc7+ Kd8
66. Qe7# {HammRodrigue est échec et mat} 1-0

[Event "Tournament 14459 - Europe Echecs"]
[Site "Europe Echecs"]
[Date "2020.07.07"]
[Round "6"]
[Time "16:43:34"]
[PlyCount "134"]
[White "FischlerInes"]
[Black "GalimovIskanda"]
[WhiteElo "1129"]
[BlackElo "1358"]
[Mode "WEB"]
[Result "1-0"]

1. e4 e5 2. Nf3 Nc6 3. Nc3 Nf6 4. Bb5 d6 5. d3 Be7 6. Bg5 Bg4 7. h3 Bh5 8. O-O
O-O 9. Bxc6 bxc6 10. Qe2 Re8 11. Qe3 Nd7 12. Bxe7 Qxe7 13. Nd2 Nf8 14. Nc4 Bg6
15. Na5 Qd7 16. Rfe1 Rab8 17. b3 Ra8 18. a4 Ne6 19. Na2 Nd4 20. Rac1 f5 21. Nb4
f4 22. Qd2 f3 23. Qg5 Ne2+ 24. Rxe2 fxe2 25. Re1 Qe7 26. Qxe7 Rxe7 27. Naxc6 Re6
28. Rxe2 Be8 29. Na5 Rb8 30. Nd5 Rc8 31. Nc4 c6 32. Nb4 Rf6 33. Re3 Bd7 34. Rf3
Rxf3 35. gxf3 Bxh3 36. Nxd6 Rc7 37. Nc4 c5 38. Nd5 Rb7 39. Nxe5 Be6 40. Nf4 Bf7
41. Nxf7 Kxf7 42. Kg2 Kf6 43. Kg3 Ke5 44. Ne2 Ke6 45. Kf4 Rf7+ 46. Ke3 g6 47. f4
Kd6 48. Kd2 Kd7 49. Kc3 Kc6 50. Kc4 Rf8 51. d4 cxd4 52. Kxd4 Kc7 53. Ke3 Kd6 54.
Kd4 Rc8 55. e5+ Ke6 56. Kd3 Kf5 57. c4 h5 58. Ke3 Rb8 59. Nc1 Ke6 60. Ke4 Rb7
61. Kf3 Kf5 62. Kg3 g5 63. fxg5 Kxg5 64. f4+ Kg6 65. Kh4 Rf7 66. Nd3 Rh7 67. b4 {GalimovIskanda a perdu au temps} 1-0

[Event "Tournament 14459 - Europe Echecs"]
[Site "Europe Echecs"]
[Date "2020.07.07"]
[Round "6"]
[Time "16:43:34"]
[PlyCount "64"]
[White "CastagnerolCer"]
[Black "LentieulElliot"]
[WhiteElo "1332"]
[BlackElo "1000"]
[Mode "WEB"]
[Result "1-0"]

1. d4 d5 2. c4 dxc4 3. Nf3 Nf6 4. g3 e6 5. Bg2 Bb4+ 6. Bd2 Bxd2+ 7. Nbxd2 O-O 8.
Nxc4 Nc6 9. O-O b6 10. Nfe5 Nxe5 11. Nxe5 Rb8 12. Nc6 Qd6 13. Nxb8 Bb7 14. e3
Bc6 15. Nxc6 Nd5 16. Bxd5 exd5 17. Ne5 f6 18. Nd3 Qe6 19. Qb3 Qe4 20. Nf4 c6 21.
Rac1 Rc8 22. Rc2 a5 23. Rfc1 a4 24. Qxb6 Qe7 25. Rxc6 Rd8 26. Re6 Qd7 27. Rc7
Qxc7 28. Qxc7 Rf8 29. Qd7 g5 30. Nh5 Rf7 31. Re8+ Rf8 32. Qg7# {LentieulElliot est échec et mat} 1-0

[Event "Tournament 14459 - Europe Echecs"]
[Site "Europe Echecs"]
[Date "2020.07.07"]
[Round "6"]
[Time "16:43:34"]
[PlyCount "88"]
[White "QuenehenNassim"]
[Black "LefrancoisJean"]
[WhiteElo "1322"]
[BlackElo "1038"]
[Mode "WEB"]
[Result "1/2-1/2"]

1. d4 d5 2. c4 e6 3. Nc3 c6 4. e4 dxe4 5. Nxe4 Nf6 6. Nxf6+ Qxf6 7. Nf3 h6 8.
Bd3 Bd6 9. Bd2 Bc7 10. Bc3 Qe7 11. Qc2 Nd7 12. a3 a5 13. b4 axb4 14. Bxb4 Bd6
15. Bxd6 Qxd6 16. O-O Nf6 17. h3 Rxa3 18. Rxa3 Qxa3 19. d5 exd5 20. Re1+ Be6 21.
cxd5 Nxd5 22. Bf5 Qd6 23. Bxe6 fxe6 24. Qg6+ Kd8 25. Rxe6 Qc7 26. Ne5 Rf8 27.
Rd6+ Kc8 28. Qe6+ Kb8 29. Nd7+ Ka7 30. Nxf8 Nf4 31. Qd7 Qb6 32. Rd4 Ne2+ 33. Kh2
Qxd4 34. Qe7 Qf4+ 35. Kh1 Qxf2 36. Qa3+ Kb6 37. Qb4+ Kc7 38. Qe7+ Kc8 39. Qd7+
Kb8 40. Qd8+ Ka7 41. Qa5+ Kb8 42. Qd8+ Ka7 43. Qa5+ Kb8 44. Qd8+ {Nulle par répétition} 1/2-1/2

[Event "Tournament 14459 - Europe Echecs"]
[Site "Europe Echecs"]
[Date "2020.07.07"]
[Round "6"]
[Time "16:43:34"]
[PlyCount "125"]
[White "DavoustNicolas"]
[Black "LlariMarc"]
[WhiteElo "1300"]
[BlackElo "799"]
[Mode "WEB"]
[Result "0-1"]

1. e4 e6 2. d4 d5 3. Nc3 Bb4 4. exd5 exd5 5. Nf3 Bxc3+ 6. bxc3 Nf6 7. Bd3 O-O 8.
O-O c6 9. Bg5 Be6 10. Ne5 Nbd7 11. Nxd7 Bxd7 12. Qf3 h6 13. Bxf6 Qxf6 14. Qxf6
gxf6 15. Rfe1 Rae8 16. Rxe8 Rxe8 17. h3 Kg7 18. Rb1 b6 19. c4 dxc4 20. Bxc4 Be6
21. Re1 Kg6 22. f4 Kf5 23. g4+ Kxf4 24. Rf1+ Kg5 25. Bxe6 fxe6 26. c4 Rd8 27.
Rd1 e5 28. Kg2 Rxd4 29. Rf1 Rxc4 30. Rf5+ Kg6 31. Kg3 Rc3+ 32. Kh4 Ra3 33. Rf2
e4 34. Re2 e3 35. Kg3 f5 36. gxf5+ Kxf5 37. Kh4 Kf4 38. Kh5 Kf3 39. Re1 Kf2 40.
Ra1 e2 41. h4 e1=Q 42. Rxe1 Kxe1 43. Kxh6 Rxa2 44. h5 Rh2 45. Kg6 a5 46. h6 a4
47. h7 a3 48. Kg7 Rxh7+ 49. Kxh7 a2 50. Kg6 a1=Q 51. Kf5 b5 52. Ke6 b4 53. Kd6
b3 54. Kxc6 b2 55. Kd5 b1=Q 56. Kc5 Qc3+ 57. Kd5 Qbd3+ 58. Ke6 Kd1 59. Ke7 Qe1+
60. Kf6 Qf3+ 61. Kg5 Qg1+ 62. Kh4 Qfh1# {DavoustNicolas est échec et mat} 0-1

[Event "Tournament 14459 - Europe Echecs"]
[Site "Europe Echecs"]
[Date "2020.07.07"]
[Round "6"]
[Time "16:43:34"]
[PlyCount "107"]
[White "DemangeTheopha"]
[Black "AllardNedellec"]
[WhiteElo "799"]
[BlackElo "1292"]
[Mode "WEB"]
[Result "0-1"]

1. e4 e6 2. d4 d5 3. Nc3 Nf6 4. exd5 Nxd5 5. Bb5+ c6 6. Bc4 Bd6 7. Nxd5 cxd5 8.
Bb5+ Nc6 9. Bxc6+ bxc6 10. Nf3 c5 11. dxc5 Bxc5 12. Qd3 Qb6 13. O-O Bd7 14. Ne5
Bd6 15. Nxd7 Kxd7 16. Qb3 Qc7 17. g3 Rab8 18. Qa4+ Ke7 19. b3 Rb4 20. Qa6 Rhb8
21. Be3 R8b7 22. Qa3 Rh4 23. Qb2 Be5 24. Qb1 Bxa1 25. gxh4 Be5 26. h3 Bf6 27.
Bg5 Qe5 28. Bxf6+ Qxf6 29. Qc1 Qxh4 30. Qa3+ Kd7 31. Qa4+ Qxa4 32. bxa4 Rb2 33.
Ra1 Rxc2 34. Kg2 Kc6 35. Kg3 Kc5 36. f3 Kd4 37. f4 Kc3 38. h4 Kb2 39. Rh1 Kxa2
40. Rh2 Rxh2 41. Kxh2 Ka3 42. Kg2 Kxa4 43. Kf3 Kb3 44. Ke3 a5 45. Kd4 a4 46. Ke5
a3 47. Kd6 a2 48. Ke7 a1=Q 49. Kxf7 Qf6+ 50. Ke8 Kc4 51. h5 Kc5 52. f5 Kd6 53.
h6 Qe7# {DemangeTheopha est échec et mat} 0-1

[Event "Tournament 14459 - Europe Echecs"]
[Site "Europe Echecs"]
[Date "2020.07.07"]
[Round "6"]
[Time "16:43:34"]
[PlyCount "75"]
[White "TurcuDavid"]
[Black "MimouneKenzi"]
[WhiteElo "1056"]
[BlackElo "1266"]
[Mode "WEB"]
[Result "0-1"]

1. e4 e5 2. Nf3 d6 3. Bc4 Be7 4. O-O Nf6 5. d3 Bg4 6. Be3 O-O 7. Nbd2 Nc6 8. c3
Nd7 9. h3 Bh5 10. a3 Kh8 11. Qb1 Bg6 12. Qa2 f5 13. Nb1 fxe4 14. dxe4 Bxe4 15.
Nbd2 Bg6 16. Rfe1 Nf6 17. Bb3 d5 18. Bg5 e4 19. Nd4 Nxd4 20. cxd4 c6 21. f3 exf3
22. Nxf3 h6 23. Bd2 Ne4 24. Bb4 Bxb4 25. axb4 Bh5 26. Ne5 Qb6 27. Nd7 Qxd4+ 28.
Kh2 Rfd8 29. Nc5 Nxc5 30. bxc5 Qxc5 31. Qa4 Qd6+ 32. Kh1 Rf8 33. Qh4 Bg6 34. Rf1
Rxf1+ 35. Rxf1 Be4 36. Qg3 Qxg3 37. Rg1 Qxh3# {TurcuDavid est échec et mat} 0-1

[Event "Tournament 14459 - Europe Echecs"]
[Site "Europe Echecs"]
[Date "2020.07.07"]
[Round "6"]
[Time "16:43:34"]
[PlyCount "81"]
[White "MenceEline"]
[Black "NeelLaura"]
[WhiteElo "1264"]
[BlackElo "799"]
[Mode "WEB"]
[Result "0-1"]

1. d4 d5 2. e3 c6 3. Bd3 Nf6 4. f4 e6 5. Nf3 Be7 6. O-O O-O 7. Nbd2 Nbd7 8. c3
b6 9. Ne5 Bb7 10. Rf3 c5 11. Rh3 cxd4 12. exd4 Rc8 13. Nxd7 Qxd7 14. Bxh7+ Nxh7
15. Qh5 f6 16. Qxh7+ Kf7 17. Qh5+ Kg8 18. Qg6 Bd6 19. Nb3 Rf7 20. Bd2 Kf8 21.
Rh8+ Ke7 22. Rxc8 Qxc8 23. Re1 Ke8 24. Qh5 f5 25. Qh8+ Bf8 26. Qh5 Qd7 27. Qg6
Bc8 28. Qg3 Kd8 29. Re2 Qb5 30. Re1 Qa4 31. Ra1 Qc4 32. Qf3 a5 33. Be3 Qb5 34.
Qf2 a4 35. Nc1 Qa5 36. Nd3 Bd6 37. Ne5 Bxe5 38. dxe5 a3 39. Bxb6+ Qxb6 40. Qxb6+
Ke8 {MenceEline a perdu au temps} 0-1

[Event "Tournament 14459 - Europe Echecs"]
[Site "Europe Echecs"]
[Date "2020.07.07"]
[Round "6"]
[Time "16:43:34"]
[PlyCount "56"]
[White "AuribaultLouis"]
[Black "NeyAlexandreYl"]
[WhiteElo "1618"]
[BlackElo "1115"]
[Mode "WEB"]
[Result "1-0"]

1. e4 e5 2. Nf3 Nc6 3. Bb5 d6 4. d4 exd4 5. Nxd4 Nf6 6. Nxc6 bxc6 7. Bxc6+ Bd7
8. Bxa8 Qxa8 9. O-O Be7 10. Nc3 O-O 11. Nd5 Nxd5 12. exd5 Bb5 13. Re1 Bh4 14. c4
Bxc4 15. Qd4 Bxf2+ 16. Qxf2 Bxd5 17. Be3 Be6 18. Rac1 c5 19. b3 Qe4 20. Bxc5
dxc5 21. Rxe4 Bd5 22. Re5 Be6 23. Qxc5 g6 24. Qe7 h5 25. Rc7 a6 26. Rxe6 Kh7 27.
Qxf8 g5 28. Rxf7# {NeyAlexandreYl est échec et mat} 1-0

[Event "Tournament 14459 - Europe Echecs"]
[Site "Europe Echecs"]
[Date "2020.07.07"]
[Round "6"]
[Time "16:43:34"]
[PlyCount "122"]
[White "SurCortierColi"]
[Black "DresensClement"]
[WhiteElo "1128"]
[BlackElo "1220"]
[Mode "WEB"]
[Result "1-0"]

1. e4 e5 2. Nf3 Nf6 3. Nxe5 Qe7 4. d4 d6 5. Nf3 Nxe4 6. Qe2 Bg4 7. Be3 Nf6 8.
Nc3 Nc6 9. O-O-O O-O-O 10. h3 Bh5 11. g4 Nxg4 12. hxg4 Bxg4 13. Bh3 Bxh3 14.
Rxh3 Qe6 15. Rhh1 d5 16. Ng5 Qg6 17. Qh5 Qf6 18. Nxh7 Qg6 19. Qxg6 fxg6 20. Nxf8
Rhxf8 21. Rhg1 Ne7 22. Bg5 Rde8 23. Bxe7 Rxe7 24. Rg2 c6 25. Kd2 Re6 26. Re1
Ref6 27. Rf1 Kc7 28. b4 b5 29. a4 bxa4 30. Nxa4 a6 31. Nc5 Kd6 32. Nxa6 Ra8 33.
Nc5 Rb8 34. c3 Ra8 35. Rc1 Ra2+ 36. Rc2 Ra1 37. c4 dxc4 38. Ne4+ Ke6 39. Nxf6
Kxf6 40. Rxc4 Ra2+ 41. Rc2 Ra4 42. Rxc6+ Kf7 43. Kc3 Ra8 44. Rcxg6 Rb8 45. Rxg7+
Kf6 46. Rg8 Rb7 47. R8g6+ Kf5 48. d5 Rd7 49. b5 Rxd5 50. R6g5+ Ke6 51. Rxd5 Kxd5
52. Rg1 Kc5 53. Kd3 Kxb5 54. Rc1 Kb6 55. Kd4 Kb5 56. f4 Kb4 57. Rb1+ Ka3 58. Kc3
Ka2 59. Rb8 Ka1 60. Kc2 Ka2 61. Ra8# {DresensClement est échec et mat} 1-0